000
00323nam a2200133Ia 4500
005
20251222143243.0
008
251222s9999||||xx |||||||||||||| ||spa||
082
_a
709.034.1/B33
100
_a
Henderson, John
245
0
_a
Introducción a los Clásicos
250
_a
1ra.ed.
264
_b
Oxford University
942
_c
LIB
999
_c
14644
_d
14644